• 首页
  • 本馆介绍
  • 公告通知
  • 最新文献
  • 馆藏检索
  • 电子资源
  • 读者导购
  • 参考咨询
  • 我的图书馆
  • 登录
  • 详细信息显示
  • 放入我的书架
  • 预约/预借图书
  • 作者相关作品
  • 分类相关作品
  • 丛书相关作品
  • 出版社相关作品

书目信息

  • 表格格式
  • 工作单格式
  • 卡片格式
题名:
产业经济学
    
 
作者: 苏东水 主编
分册:  
出版信息: 北京   高等教育出版社  2010
页数: 444页
开本: 23cm
丛书名:
单 册:
中图分类: F062.9
科图分类:
主题词: 产业经济学--高等学校--教材
电子资源:
ISBN: 978-7-04-017371-0
000 00948nam0 2200277 450
001 337867
005 20150529083834.21
010    @a978-7-04-017371-0@dCNY35.90
100    @a20050912d2005 em y0chiy50 ea
101 0  @achi
102    @aCN@b110000
105    @ay z 000yy
106    @ar
200 1  @a产业经济学@Achan ye jing ji xue@f苏东水主编
205    @a第2版
210    @a北京@c高等教育出版社@d2010
215    @a444页@d23cm
300    @a面向21世纪课程教材 高等学校经济学专业主要课程教材
312    @a封底英文题名:Industry economics
330    @a本书分为总论、产业组织、产业结构、产业管理、产业发展五篇, 论述了东方管理“以人为本、以德为先、人为为人”的产业经济思想, 吸收体现世界产业经济领域的最新动态和精华。
510 1  @aIndustry economics@zeng
606 0  @a产业经济学@x高等学校@j教材
690    @aF062.9@v5
701  0 @a苏东水@Asu dong shui@f(1932)@4主编
801  0 @aCN@b卓展宏图@c20150525
905    @dF062.9@e135=2@f4
    
    产业经济学/苏东水主编.-第2版.-北京:高等教育出版社,2010
    444页;23cm
    面向21世纪课程教材 高等学校经济学专业主要课程教材
    
    ISBN 978-7-04-017371-0:CNY35.90
    本书分为总论、产业组织、产业结构、产业管理、产业发展五篇, 论述了东方管理“以人为本、以德为先、人为为人”的产业经济思想, 吸收体现世界产业经济领域的最新动态和精华。
●
相关链接 在E读中查询图书 在五车中查询图书 在当当中查询图书 在豆瓣中查询图书


正题名:产业经济学     索取号:F062.9/135=2         预约/预借

序号 登录号 条形码 馆藏地/架位号 状态 备注
1 856488   208564882   第一样本阅览室/ [索取号:F062.9/135=2] 在馆    
2 856489   208564891   第一借阅区/ [索取号:F062.9/135=2] 在馆    
3 856490   208564908   密集书库-海洋学院/ [索取号:F062.9/135=2] 在馆    
4 856491   208564917   第一借阅区/ [索取号:F062.9/135=2] 在馆    
唐山师范学院图书馆 欢迎您!
大连网信软件有限公司© 版权所有